Estatísticas para Questionário estadual - Carolina do Norte

Clique aqui para jogar o quiz

Estatísticas Gerais

  • Esse quiz foi jogado 8 vezes
  • A pontuação média é 4 de 20

Estatísticas das Respostas

DicaResposta% Correto
Estado fronteiriçoCarolina do Sul
83%
Estado fronteiriçoTennessee
83%
Estado fronteiriçoVirgínia
83%
CapitalRaleigh
50%
Cidade mais populosaCharlotte
33%
Estado fronteiriçoGeórgia
33%
Sequências de ilhas estreitas na costaOuter {Banks}
33%
Pessoa que dá nome ao estadoRei {Carlos} I
33%
Maior cidade do oeste da Carolina do NorteAsheville
0%
Propriedade Vanderbilt na cidade acimaBiltmore
0%
Cidade onde fica a Universidade da Carolina do Norte{Chapel} Hill
0%
Quartel-general das Forças Especiais do ExércitoFort {Bragg}
0%
Cantor de "Carolina in My Mind"James Taylor
0%
Localização do primeiro vôo de aviãoKitty Hawk
0%
Cordilheira que o acima está localizadoMontanhas {Blue} Ridge
0%
Ponto mais alto no leste dos EUAMonte {Mitchell}
0%
Apelido da Carolina do Norte{Old North} State
0%
"Colônia Perdida" estabelecida em 1585Roanoke
0%
Apelido da Carolina do Norte{Tar Heel} State
0%
Região do estado em que o acima está localizadoTriângulo de {Pesquisa}
0%

Distribuição das Pontuações

Percentil de Números Respondidos

Porcentagem de Pessoas com Cada Pontuação

Sua Pontuação Histórica

Você não jogou esse quiz